000
00313cam a22001217a 4500
008
180718b1962 xxu||||| |||| 00| 0 eng d
082
_a
B231 P193
100
_a
Panikkar, K.M.
245
_a
In defence of liberalism
_c
by K.M. Panikkar
260
_a
Bombay
_b
Asia
_c
1962
300
_a
vi, 135p
650
_a
Liberalism.
999
_c
420283
_d
420283